01074 a2200205 45000010006000000050017000060080041000230030015000640400040000790800076001192450042001950200018002372640043002553000019002985050375003171000024006927000029007167000029007458560094007742947920260407155604.0260407a1993 arg spa dAR-UNSa-BCEJYS aAR-UNSa-BCEJYSbspacAR-UNSa-BCEJYS a657.23xCompensaciones. Correcciones. Ajustes (devaluación monetaria)10aEstados contables en moneda constante a950-537-144-6 1aBuenos Aires :bEdiciones Macchic1993 a349 p.c23 cm. aParte I: ¿A que se tiende en contabilidad? - Parte II: ¿Que problemas origina la inflación en la infromación contable? - Parte III: ¿ Como se fundamenta y en que consiste la reexpresión de estados contables a moeda constante? - Parte IV: Otros aspectos vinculados con la reepxresión de estados contables a moneda constante - Parte V: Aplicaciones practicas - 1 aLuppi, Hugo Alberto1 aLópez Santiso, Horacio1 aAllemand, Alberto Adolfo41uhttps://biblioeco.unsa.edu.ar/pmb/images/libros/L65480.jpgyImagen de portadaqimage/jpeg